Design of equilibrium stage processes (Record no. 13251)

000 -LEADER
fixed length control field 00589nam a22002171 4500
001 - CONTROL NUMBER
control field 13251
003 - CONTROL NUMBER IDENTIFIER
control field BD-DhUET
008 - FIXED-LENGTH DATA ELEMENTS--GENERAL INFORMATION
fixed length control field 740517s1963 nyua b 000 0 eng
020 ## - INTERNATIONAL STANDARD BOOK NUMBER
International Standard Book Number 070586373
040 ## - CATALOGING SOURCE
Original cataloging agency DLC
Transcribing agency OAkU
Modifying agency BD-DhUET
082 ## - DEWEY DECIMAL CLASSIFICATION NUMBER
Classification number 660.28422
Item number SMI/1963
100 1# - MAIN ENTRY--PERSONAL NAME
Personal name Smith, Buford D.
245 10 - TITLE STATEMENT
Title Design of equilibrium stage processes
250 ## - EDITION STATEMENT
Edition statement 1st ed.
260 ## - PUBLICATION, DISTRIBUTION, ETC. (IMPRINT)
Place of publication, distribution, etc. New York
Name of publisher, distributor, etc. McGraw-Hill
Date of publication, distribution, etc. 1963
300 ## - PHYSICAL DESCRIPTION
Extent 647 p.
Other physical details ill.
Dimensions 24 cm.
490 ## - SERIES STATEMENT
Series statement McGraw-Hill chemical engineering series
504 ## - BIBLIOGRAPHY, ETC. NOTE
Bibliography, etc Includes bibliographies
650 #0 - SUBJECT ADDED ENTRY--TOPICAL TERM
Topical term or geographic name as entry element Chemical equilibrium
942 ## - ADDED ENTRY ELEMENTS (KOHA)
Koha item type General Book
Holdings
Source of classification or shelving scheme Price effective from Koha date last seen Koha item type Koha normalized classification for sorting Piece designation (barcode) Damaged status Copy number Not for loan Date acquired Location (home branch) Sublocation or collection (holding branch) Withdrawn status Lost status Shelving location Koha full call number
 2015-03-022015-03-02General Book660_284220000000000_SMI_196334954 1 2015-03-02Central Library, BUETCentral Library, BUET  Circulation section660.28422/SMI/1963
 2015-03-032015-03-03General Book660_284220000000000_SMI_196329845 2 2015-03-03Central Library, BUETCentral Library, BUET  Circulation section660.28422/SMI/1963
 2015-03-032015-03-03General Book660_284220000000000_SMI_196329841 3 2015-03-03Central Library, BUETCentral Library, BUET  Circulation section660.28422/SMI/1963
 2015-03-032015-03-03General Book660_284220000000000_SMI_196329847 4 2015-03-03Central Library, BUETCentral Library, BUET  Circulation section660.28422/SMI/1963
 2015-03-032015-03-03General Book660_284220000000000_SMI_196329853 5 2015-03-03Central Library, BUETCentral Library, BUET  Circulation section660.28422/SMI/1963
 2015-03-032015-03-03General Book660_284220000000000_SMI_196329843 6 2015-03-03Central Library, BUETCentral Library, BUET  Circulation section660.28422/SMI/1963
 2015-03-032015-03-03General Book660_284220000000000_SMI_196329844 7 2015-03-03Central Library, BUETCentral Library, BUET  Circulation section660.28422/SMI/1963
 2015-03-032015-03-03General Book660_284220000000000_SMI_196329840 8 2015-03-03Central Library, BUETCentral Library, BUET  Circulation section660.28422/SMI/1963
 2015-03-032015-03-03General Book660_284220000000000_SMI_196334955 9 2015-03-03Central Library, BUETCentral Library, BUET  Circulation section660.28422/SMI/1963
 2015-05-112015-05-11General Book660_284220000000000_SMI_196311477 10 2015-05-11Central Library, BUETCentral Library, BUET  Circulation section660.28422/SMI/1963
 2015-05-112015-05-11General Book660_284220000000000_SMI_196329846 11 2015-05-11Central Library, BUETCentral Library, BUET  Circulation section660.28422/SMI/1963
 2015-05-112015-05-11General Book660_284220000000000_SMI_196334953 12 2015-05-11Central Library, BUETCentral Library, BUET  Circulation section660.28422/SMI/1963
 2015-05-112015-05-11General Book660_284220000000000_SMI_196318836 13 2015-05-11Central Library, BUETCentral Library, BUET  Circulation section660.28422/SMI/1963
 2015-05-112015-05-11General Book660_284220000000000_SMI_196329854 14 2015-05-11Central Library, BUETCentral Library, BUET  Circulation section660.28422/SMI/1963
 2015-05-112015-05-11General Book660_284220000000000_SMI_196329856 15 2015-05-11Central Library, BUETCentral Library, BUET  Circulation section660.28422/SMI/1963
 2015-05-192015-05-19General Book660_284220000000000_SMI_196329848 16 2015-05-19Central Library, BUETCentral Library, BUET  Circulation section660.28422/SMI/1963
 2015-06-182015-06-18Reading Item660_284220000000000_SMI_19636449 17 2015-06-18Central Library, BUETCentral Library, BUET  Reading section660.28422/SMI/1963